Internal combustion engines and air pollution (Record no. 4453)

000 -LEADER
fixed length control field 00551nam a22001937a 4500
001 - CONTROL NUMBER
control field 4453
003 - CONTROL NUMBER IDENTIFIER
control field BD-DhUET
008 - FIXED-LENGTH DATA ELEMENTS--GENERAL INFORMATION
fixed length control field 141116b xxu||||| |||| 00| 0 eng d
020 ## - INTERNATIONAL STANDARD BOOK NUMBER
International Standard Book Number 0352045600
040 ## - CATALOGING SOURCE
Transcribing agency 0
Modifying agency BD-DhUET
082 ## - DEWEY DECIMAL CLASSIFICATION NUMBER
Classification number 621.43
Item number OBE/1973
100 ## - MAIN ENTRY--PERSONAL NAME
Personal name Obert, Edward F.
245 ## - TITLE STATEMENT
Title Internal combustion engines and air pollution
Remainder of title based on internal combustion engines
250 ## - EDITION STATEMENT
Edition statement 3rd ed.
260 ## - PUBLICATION, DISTRIBUTION, ETC. (IMPRINT)
Place of publication, distribution, etc. New York
Name of publisher, distributor, etc. Intext Educational Publishers
Date of publication, distribution, etc. 1973
300 ## - PHYSICAL DESCRIPTION
Extent xiii, 740 p.
Other physical details ill.
650 #0 - SUBJECT ADDED ENTRY--TOPICAL TERM
Topical term or geographic name as entry element Internal combustion engines
942 ## - ADDED ENTRY ELEMENTS (KOHA)
Koha item type General Book
Holdings
Location (home branch) Koha full call number Koha item type Koha date last seen Sublocation or collection (holding branch) Date acquired Piece designation (barcode) Koha normalized classification for sorting Koha issues (times borrowed) Lost status Damaged status Copy number Not for loan Koha date last borrowed Shelving location Source of classification or shelving scheme Withdrawn status Price effective from
Central Library, BUET621.43/OBE/1973General Book2015-10-12Central Library, BUET2014-11-1642113621_000000000000000_43OBE19731    2014-11-16Circulation section  2014-11-16
Central Library, BUET621.43/OBE/1973General Book2018-02-17Central Library, BUET2015-04-1342111621_430000000000000_OBE_19733  2 2018-02-03Circulation section  2015-04-13
Central Library, BUET621.43/OBE/1973Reading Item2015-06-16Central Library, BUET2015-06-1642105621_430000000000000_OBE_1973   3  Reading section  2015-06-16
Central Library, BUET621.43/OBE/1973Reading Item2015-06-30Central Library, BUET2015-06-3048959621_430000000000000_OBE_1973   4  Reading section  2015-06-30
Central Library, BUET621.43/OBE/1973Reading Item2015-07-02Central Library, BUET2015-07-0242108621_430000000000000_OBE_1973   5  Reading section  2015-07-02
Central Library, BUET621.43/OBE/1973Reading Item2015-07-04Central Library, BUET2015-07-0448939621_430000000000000_OBE_1973   6  Reading section  2015-07-04